000 00296nam a22001337a 4500
008 170930b xxu||||| |||| 00| 0 eng d
020 _a9780312607845
041 _aeng
080 _a37
100 _a47
101 _aEDU
245 _aTHE ST.MARTIN'S HANDBOOK
_cLUNSFORD, A.A
942 _2udc
_cBK
999 _c30997
_d30997